00905 a2200229 4500010001400000020002600014035001300040037001600053082001300069090001700082100002200099245016000121260004500281270006300326300002800389500004000417700001700457700002200474942002800496999001700524952013400541 aENG-90010 a9780195696018c445.00 aEN-73543 bDBAD / PUB14a306.0954 c12149d121491 aBurghart, Richard1 aThe conditions of listening :cby Richard Burghart ; edited by C.J. Fuller [and] Jonathan Spencerbessays on religion, history and politics in South Asia / aNew DelhibOxford University Pressc2008 aYMCA Library Building, Jai Singh RoadbNew Delhie110 001 axii, 429p.c24cm (pbk) aIncludes bibliographical references aFuller, C.J. aSpencer, Jonathan adplcENk306.0954 / BUR c11795d11795 00102ddc40718NFICaDBADbDBADeDBAD/PUBg445.00l0o306.0954pEN-73543r2008-09-15 00:00:00t1u12910v445.00w2008-09-15yEN